S2 : Laïcité contemporaine Dates - Statistiques

Statistiques générales
  • Ce quiz a été pris 16 fois
  • Le résultat moyen est 10 sur 38
Statistiques - réponses
Événement Date % Correct
L'édit de Nantes est promulgué par Henri IV, offrant une certaine tolérance religieuse aux protestants. 1598
100%
Loi interdisant le port de signes ostensibles à l'école publique. 2004
86%
Rapport sur la laïcité produit par François Baroin. 2003
71%
Le Conseil d'État est saisi par des recours relatifs à la loi de 2021. 2023
71%
Chute des États pontificaux, unification de l'Italie. 1870
57%
Les inventaires des biens d'églises doivent être restitués. 1906
57%
Déclaration de l'indépendance de la Belgique. 1830
43%
Première Guerre mondiale, période de tension politique en Italie. 1914-1918
43%
Accords entre l'Église catholique et l'État français. 1924
43%
Déclaration des droits de l'homme et du citoyen, marquant la séparation de l'Église et de l'État. 1789
29%
Loi des garanties entre l'Italie et le Saint-Siège. 1871
29%
Accords du Latran entre Mussolini et le Saint-Siège. 1929
29%
Manifestation à Vincennes contre la loi Debré. 1960
29%
Célébration du centenaire des lois Ferry et de la révocation de l'édit de Nantes. 1980
29%
Accords de Villa Madama (concordat entre l'Italie et le Saint-Siège). 1984
29%
Manifestation contre le projet de loi Savary sur l'école publique. 1984
29%
Affaire du "foulard islamique" dans un lycée à Creil. 1989
29%
Loi interdisant le voile intégral dans l'espace public. 2010
29%
Révocation de l'édit de Nantes par Louis XIV, persécution des protestants. 1685
14%
Édit de tolérance de l'empereur Joseph II. 1781
14%
Louis XVI accorde aux protestants le droit d'avoir un état civil. 1787
14%
Révolutions en Italie. 1848
14%
Déclaration du royaume d'Italie. 1861
14%
Intégration de la Vénétie dans le royaume d'Italie. 1867
14%
La Convention européenne des droits de l'homme est adoptée. 1950
14%
La question de la laïcité resurgit avec la loi Debré. 1959
14%
Débat sur la compatibilité du régime alsacien-mosellan avec la laïcité. 2018
14%
Loi sur le respect des principes de la République, modifiant les lois de 1905. 2021
14%
La loi de séparation des Églises et de l'État est votée. 9 décembre 1905
14%
Affaire Calas, où un père protestant est injustement accusé du meurtre de son fils. 1762
0%
Affaire du chevalier de la Barre, un jeune homme exécuté pour avoir profané un crucifix. 1766
0%
Le blasphème cesse d'être un délit, et les juifs obtiennent plus de libertés. 1791
0%
Période de séparation de l'Église et de l'État pendant le Directoire et le Consulat. 1795-1801
0%
Signature du **Concordat** par Napoléon Bonaparte avec le Pape, rétablissant les relations entre l'Église et l'État. 1801-1802
0%
Ouvrage de Gioberti "De la suprématie morale et politique des Italiens". 1843
0%
Piémont dirigé par Charles Albert, début du Statut Albertin. 1846-1847
0%
Période de laïcisation en Italie. 1900
0%
Rapport du Conseil constitutionnel sur la loi de 1905 en Alsace-Moselle. 2013
0%
Aucun quiz correspondant
Distribution des résultats
% des personnes avec chaque résultat
Percentile par nombre de réponses
Votre historique - résultats
Vous n’avez pas pris ce quiz